Código de Aguas: edición oficial, aprobada por Decreto Exento Nº 279 de 19 de enero de 2015, del Ministerio de Justicia
Furkejuvvon:
| Searvvušdahkki: | |
|---|---|
| Materiálatiipa: | Girji |
| Giella: | espánnjágiella |
| Almmustuhtton: |
Santiago, Chile:
Jurídica,
2015
|
| Preanttus: | Vigésima Primera Edición. |
| Fáttát: | |
| Fáddágilkorat: |
Lasit fáddágilkoriid
Eai fáddágilkorat, Lasit vuosttaš fáddágilkora!
|
MARC
| LEADER | 00000cam a2200000 a 4500 | ||
|---|---|---|---|
| 001 | UCE8832 | ||
| 003 | CL-VaPUC | ||
| 005 | 20250115104251.0 | ||
| 008 | 150904e20150000cl |||||||||||||||||spa|d | ||
| 999 | |c 360601 |d 360599 | ||
| 020 | |a 9789561023529 | ||
| 040 | |c Pontificia Universidad Católica de Valparaíso | ||
| 082 | 0 | 4 | |a 346.04691 CHI 2015 |2 21 |
| 110 | 1 | |a Chile |9 890760 | |
| 245 | 1 | 0 | |a Código de Aguas: edición oficial, aprobada por Decreto Exento Nº 279 de 19 de enero de 2015, del Ministerio de Justicia |
| 250 | |a Vigésima Primera Edición. | ||
| 260 | |a Santiago, Chile: |b Jurídica, |c 2015 | ||
| 300 | |a 319 páginas | ||
| 505 | |a -D.F.L. N.º 1.122. Fija texto del Código de Aguas. -Libro Primero. De las Aguas y del Derecho de Aprovechamiento. -Libro Segundo. De los Procedimientos. -Libro Tercero. Apéndice (Actualizado al 19 de junio de 2015): -Decreto con Fuerza de Ley N.º 237. Sobre fuentes termales. -Decreto con Fuerza de Ley N.º 1.123. Establece normas sobre ejecución de obras de riego por el Estado. -Decreto con Fuerza de Ley N.º 7. Fija texto refundido del Decreto Ley N.º 1.172, de 1975, que creó la Comisión Nacional de Riego. -Decreto Supremo N.º 179. Fija el texto actualizado del Decreto N.º 795, de 1975, que aprobó el Reglamento de la Comisión Nacional de Riego. -Decreto Ley N.º 3.557. Normas sobre protección de aguas en pro de la agricultura y la salud de los habitantes. (Artículos 9° a 13) -Decreto Supremo N.º 187. Reglamento sobre Registro de Organizaciones de Usuarios. -Ley N.º 18.450. Aprueba normas para el fomento de la inversión privada en obras de riego y drenaje. -Decreto Supremo N.º 95. Aprueba Reglamento de la Ley N.º 18.450. -Decreto Supremo N.º 285. Reglamenta procedimiento para la aplicación del Decreto con Fuerza de Ley N.º 1.123, de 1981, sobre ejecución de obras de riego por el Estado. -Decreto Supremo N.º 106. Aprueba Reglamento de Aguas Minerales. -Decreto Supremo N.º 1.220. Aprueba Reglamento del Catastro Público de Aguas. | ||
| 583 | |a last modification |c 20150904 11:50:00 |k Rodrigo Vera | ||
| 650 | 0 | |a Código de aguas |9 380665 | |
| 650 | 0 | |a Derecho de aguas |x Jurisprudencia |9 895181 | |
| 650 | 0 | |a Abastecimiento de agua |9 260374 | |
| 650 | 0 | |a Uso del agua |9 401818 | |
| 650 | 0 | |a Aprovechamiento de aguas |9 368432 | |
| 650 | 0 | |a Procedimientos administrativos |9 430309 | |
| 942 | |c BK |2 ddc | ||
| 945 | |d 20150904 11:50:00 |a gsalatino | ||
| 952 | |0 0 |1 0 |3 erb |4 0 |6 346_046910000000000_CHI_2015 |7 0 |8 R |9 470472 |a BIBDER |b BIBDER |i 5196205 |o 346.04691 CHI 2015 |p 5196205 |r 2023-01-25 |w 2019-11-23 |y BK_R |z Catalogado en:20150904 |k DER | ||